000 01291nam0a2200349 4500
001 RU\NLR\BIBL_A\022026918
005 20231009125759.0
010 _a978-5-907363-39-7
_91500
021 _aRU
_bКН-П-23-050606
_9КН-П-23-5081
035 _a(NLR Aleph) 022026918
035 _a(RuMoRGB)012015049
090 _a12528654
_c12528654
100 _a20230914d2023 u y0rusy50 ca
101 1 _arus
_ceng
102 _aRU
105 _aa z 000ay
181 0 _ai3
_baxxe
181 0 _ab2
_bxb2e
182 0 _an
200 1 _aДракула
_eроман
_e[перевод с английского
_eсамая полная версия
_eколлекционное иллюстрированное издание]
_fБрэм Стокер
203 _aТекст
_aИзображение
_bвизуальные
_cнепосредственные
210 _aМосква
_cАлгоритм
_d2023
215 _a446, [1] с.
_cил.
_d24
333 _a16+
675 _a821.111(417)-31
_v4
686 1 _aШ6(4Вл)57-440.4{1297-50}
700 1 _7ca
_8rus
_aСтокер
_bБ.
_f1847-1912
_gБрэм
_9122233
_3RU\NLR\auth\7712521
942 _cBOOK
980 _aNB